[Event "29th Open"]
[Site "Cappelle la Grande FRA"]
[Date "2013.02.26"]
[Round "5.53"]
[White "Bailet,P"]
[Black "Kerigan,D"]
[Result "1-0"]
[WhiteElo "2440"]
[BlackElo "2258"]

1.Nf3 g6 2.c4 Bg7 3.d4 Nf6 4.Nc3 O-O 5.e4 d6 6.Be2 e5 7.O-O Nbd7 8.Be3 Re8
9.d5 Nh5 10.g3 Bf8 11.Ne1 Ng7 12.Nd3 Be7 13.Rc1 f5 14.f3 Bg5 15.Qd2 Bxe3+
16.Qxe3 Rf8 17.c5 a6 18.f4 fxe4 19.Nxe4 Nf5 20.Qd2 Nd4 21.fxe5 Nxe5 22.Rxf8+ Qxf8
23.Nxe5 dxe5 24.Rf1 Qg7 25.d6 Bf5 26.Ng5 Rf8 27.g4 Nxe2+ 28.Qxe2 h6 29.gxf5 gxf5
30.dxc7 Qxg5+ 31.Kh1 Qe7 32.Rxf5 Qxc7 33.Qg2+ Qg7 34.Qxg7+ Kxg7 35.Rxf8 Kxf8
36.Kg2 Ke7 37.Kf3 Kf6 38.Ke4 Ke6 39.b4 Kf6 40.a4 h5 41.h4 Ke6 42.b5 a5 43.b6 Kd7
44.Kxe5 Kc6 45.Kd4 Kd7 46.Kd5 Kd8 47.Kd6  1-0

[Event "Zagreb Open A 2013"]
[Site "Zagreb CRO"]
[Date "2013.02.26"]
[Round "2.20"]
[White "Gujic,V"]
[Black "Armanda,I"]
[Result "0-1"]
[WhiteElo "2100"]
[BlackElo "2380"]

1.d4 Nf6 2.c4 g6 3.Nc3 Bg7 4.e4 d6 5.Nf3 O-O 6.Be2 Nbd7 7.O-O e5 8.Qc2 exd4
9.Nxd4 Re8 10.Rd1 Nc5 11.f3 a5 12.Bg5 h6 13.Bh4 c6 14.Bf1 Qe7 15.Qd2 Nfxe4
16.Qe1 g5 17.fxe4 gxh4 18.Nf5 Bxf5 19.exf5 Qxe1 20.Rxe1 a4 21.a3 Bd4+ 22.Kh1 Bxc3
23.bxc3 Ne4 24.Rab1 Nd2 25.Rbd1 Rxe1 26.Rxe1 Nxf1 27.Rxf1 Re8 28.Kg1 Re4
29.Rf3 Re1+ 30.Kf2 Ra1 31.Ke3 Rxa3 32.Kd3 Ra2 33.Rf4 Rxg2 34.Rxh4 a3 35.Re4 a2
36.Re8+ Kg7 37.Ra8 Rxh2 38.Ke4 Kf6 39.Ra5 h5  0-1

[Event "79th ch-BRA 2013"]
[Site "Montenegro BRA"]
[Date "2013.02.28"]
[Round "4.5"]
[White "Menna Barreto,F"]
[Black "Carneiro,Vitor Roberto Castro"]
[Result "1/2-1/2"]
[WhiteElo "2285"]
[BlackElo "2089"]

1.Nf3 Nf6 2.c4 g6 3.Nc3 Bg7 4.e4 d6 5.d4 O-O 6.Be2 e5 7.dxe5 dxe5 8.Qxd8 Rxd8
9.Bg5 Rf8 10.O-O-O Nc6 11.h3 Be6 12.Be3 Rac8 13.Rd2 h6 14.Rhd1 Rfe8 15.Ne1 Bf8
16.Nc2 Kg7 17.c5 Nxe4 18.Nxe4 f5 19.Bb5 fxe4 20.Bxc6 bxc6 21.Nb4 Bc4 22.b3 Bb5
23.a4 a5 24.Rd7+ Kf6 25.axb5 axb4 26.b6 cxb6 27.cxb6 c5 28.b7 Rb8 29.Rc7 Ke6
30.Rc6+ Kf7 31.Rd7+ Re7 32.Rxe7+ Bxe7 33.Bxc5 Rxb7 34.Bxe7 Rxe7 35.Rc4 Ra7
36.Kd2 Rd7+ 37.Ke3 Rd3+ 38.Kxe4 Rxb3 39.Kxe5 Rb2 40.Rf4+ Kg7 41.Kd5 g5 42.Rf3 Rc2
43.g4 Kg6 44.Ke5 Rc3 45.Rf6+ Kg7 46.Rb6 Rxh3 47.Rb7+ Kg6  1/2-1/2

[Event "79th ch-BRA 2013"]
[Site "Montenegro BRA"]
[Date "2013.03.01"]
[Round "6.1"]
[White "Macedo,MIa"]
[Black "Santiago,Y"]
[Result "1/2-1/2"]
[WhiteElo "2408"]
[BlackElo "2405"]

1.d4 Nf6 2.c4 g6 3.Nc3 Bg7 4.e4 d6 5.Nf3 O-O 6.Be2 Na6 7.O-O e5 8.Be3 Ng4
9.Bg5 Qe8 10.h3 f6 11.Bh4 Nh6 12.dxe5 dxe5 13.a3 Nc5 14.b4 Ne6 15.c5 c6 16.Qb3 Kh8
17.Rad1 f5 18.exf5 gxf5 19.Rfe1 e4 20.Ng5 Nd4 21.Qc4 Qe5 22.Nb1 b5 23.cxb6 axb6
24.Qc1 c5 25.Nd2 Bb7 26.Nc4 Qc7 27.Rxd4 cxd4 28.Ne6 Qc6 29.Nxg7 Kxg7 30.Qg5+ Kh8
31.Bg3 Rae8 32.Nd6 Nf7 33.Qf6+ Kg8 34.Bc4 Qd7 35.Qg5+ Kh8 36.Qf6+ Kg8 37.Qg5+ Kh8
38.Qf6+  1/2-1/2

[Event "TCh-ISL 2012-13"]
[Site "Reykjavik ISL"]
[Date "2013.03.02"]
[Round "7.1"]
[White "Nyback,T"]
[Black "Jones,G"]
[Result "1/2-1/2"]
[WhiteElo "2600"]
[BlackElo "2653"]

1.d4 Nf6 2.c4 g6 3.Nc3 Bg7 4.e4 d6 5.Nf3 O-O 6.Be2 e5 7.O-O Nbd7 8.Be3 c6
9.d5 c5 10.Ne1 Kh8 11.Nd3 Ng8 12.Qd2 Qe7  1/2-1/2

[Event "TCh-ISL 2012-13"]
[Site "Reykjavik ISL"]
[Date "2013.03.02"]
[Round "7.4"]
[White "Bartholomew,J"]
[Black "Maze,S"]
[Result "1/2-1/2"]
[WhiteElo "2441"]
[BlackElo "2534"]

1.Nf3 Nf6 2.c4 g6 3.Nc3 Bg7 4.e4 d6 5.d4 O-O 6.Be2 Na6 7.O-O e5 8.Be3 c6
9.dxe5 dxe5 10.Qxd8 Rxd8 11.h3 Re8 12.Rfd1 Bf8 13.a3 Nc5 14.Nd2 Ne6 15.Nf3 Bc5
16.b4 Bxe3 17.fxe3 Kg7 18.c5 Nc7 19.Rd6 Re7 20.Rf1 a5 21.Nd2 axb4 22.axb4 Be6
23.Nc4 Bxc4 24.Bxc4 Nce8 25.Rd3 Ra3 26.Rc1 h5 27.Rd8 h4 28.Rb8 Rd7 29.b5 Rxc3
30.Rxc3 Rd1+ 31.Bf1 Nxe4 32.Rd3 Rc1 33.g4 Nc7 34.Rxb7 Nxb5 35.Rdd7 Ng5 36.Kg2 Rc2+
37.Kh1 Rxc5 38.Bxb5 cxb5 39.Rbc7 Rxc7 40.Rxc7 Nxh3 41.Kg2 Ng5 42.Rb7 Kf6
43.Rxb5 Ke6 44.Ra5 Kd6 45.Rb5 Ne4 46.Kf3 Ng5+ 47.Kg2 Ke6 48.Ra5 Kf6 49.Rb5 e4
50.Ra5 Nf3 51.Ra6+ Ke5 52.Ra5+ Kf6 53.Ra4 Ng5 54.Ra5 Nf3 55.Ra4 Ke5 56.Ra5+ Kf6  1/2-1/2

[Event "TCh-ISL 2012-13"]
[Site "Reykjavik ISL"]
[Date "2013.03.02"]
[Round "7.5"]
[White "Hjartarson,J"]
[Black "Gretarsson,A"]
[Result "0-1"]
[WhiteElo "2592"]
[BlackElo "2325"]

1.d4 Nf6 2.c4 g6 3.Nc3 Bg7 4.e4 O-O 5.Nf3 d6 6.Be2 e5 7.d5 c5 8.O-O Ne8 9.Ne1 f5
10.f3 f4 11.Nd3 g5 12.a3 Nd7 13.b4 b6 14.Bd2 h5 15.Rb1 Ndf6 16.bxc5 bxc5
17.Nf2 Rf7 18.h3 Kh8 19.Qe1 Ng8 20.Bd1 Rb7 21.Rxb7 Bxb7 22.Ba4 Nh6 23.Qe2 Rb8
24.Rb1 Nf6 25.Qd1 Ba6 26.Nb5 Rb7 27.Rb3 Bf8 28.Qe1 Be7 29.Ba5 Qc8 30.Qb1 Kg7
31.Nc3 Rxb3 32.Qxb3 g4 33.Nb5 Qb7 34.Nc7 Qxb3 35.Bxb3 Bc8 36.Nb5 a6 37.Na7 Bd7
38.Nc6 Kf8 39.Nb8 Bc8 40.Ba4 gxh3 41.Nxh3 Nf7 42.Nc6 Bd7 43.Be1 Ne8 44.Kf1 Nc7
45.Ba5 Na8 46.Nf2 Bd8 47.Nxd8 Bxa4 48.Ne6+ Ke7 49.Ke2 Bd7 50.Ng7 h4 51.Nf5+ Bxf5
52.exf5 Nh6 53.f6+ Kxf6 54.Bd8+ Kf7 55.Bxh4 Nf5 56.Bd8 Ke8 57.Ba5 Ne3 58.Kd3 Nxg2
59.Ne4 Kd7 60.Nf6+ Ke7 61.Ng4 Kd7 62.Ke4 Nc7 63.Nf6+ Kc8 64.Bd2 Kd8 65.Ba5 Ne3
66.Kd3 Kc8 67.Be1 Na8 68.Ba5 Nf5 69.Ne8 Kd7 70.Nf6+ Ke7 71.Ng4 Nd4 72.Ke4 Nb3
73.Be1 Nb6 74.Kd3 Nc1+ 75.Kc2 Ne2 76.Bh4+ Kf7 77.Bd8 Nd4+ 78.Kd3 Nd7 79.Ke4 Ne2
80.Kd3 Ng3 81.Nh6+ Kg7 82.Ng4 Kf8 83.Bh4 Nf5 84.Bd8 Ke8 85.Ba5 Ke7 86.Ke4 Ng3+
87.Kd3 Nf6 88.Nf2 Nf5 89.Nh3 Nd4 90.Ng5 Nh5 91.Be1 Ng3 92.Bxg3 fxg3 93.Ke3 Nc2+
94.Kd2 Nxa3 95.Kd3 a5 96.Kc3 a4 97.Kd3 Kd7 98.Nh3 Kc7 99.f4 e4+ 100.Kc3 Kd7
101.f5 Ke7 102.Nf4 Kf7 103.f6 Kxf6 104.Nh5+ Kf5 105.Nxg3+ Kf4 106.Ne2+ Ke3
107.Ng3 Kf3 108.Nf5 e3 109.Nxd6 Nb1+  0-1

[Event "29th ChessOrg Open"]
[Site "Bad Woerishofen GER"]
[Date "2013.03.03"]
[Round "3.14"]
[White "Wichmann,C"]
[Black "Kuhne,D"]
[Result "1/2-1/2"]
[WhiteElo "2349"]
[BlackElo "2155"]

1.c4 Nf6 2.Nc3 g6 3.e4 d6 4.d4 Bg7 5.Nf3 O-O 6.Be2 e5 7.Be3 Nc6 8.d5 Ne7
9.Nd2 Nd7 10.b4 a5 11.a3 f5 12.f3 f4 13.Bf2 g5 14.c5 Nf6 15.Nc4 Ng6 16.cxd6 cxd6
17.Nb6 Rb8 18.bxa5 h5 19.Qc2 g4 20.Nb5 Ne8 21.Rc1 Bd7 22.Nc7 Rf7 23.Ne6 Qe7
24.fxg4 Nh4 25.Nxd7 Nxg2+ 26.Kd2 Qxd7 27.Qb3 Nf6 28.Bf3 hxg4 29.Bxg2 f3 30.Bf1 Bh6+
31.Be3 Nxe4+ 32.Kd1 Bxe3 33.Qxe3 Qa4+ 34.Rc2 Rc8 35.Bd3 f2 36.Bxe4 f1=Q+
37.Rxf1 Rxf1+ 38.Kd2 Qxa5+ 39.Rc3 Qxc3+ 40.Qxc3 Rxc3 41.Kxc3 Rf2 42.Nd8 Rxh2
43.Nxb7 g3 44.Nxd6 Re2  1/2-1/2

[Event "3rd Ferdynand Dziedzica Mem"]
[Site "Trzcianka POL"]
[Date "2013.03.03"]
[Round "9.3"]
[White "Wojtaszek,R"]
[Black "Janaszak,Daw"]
[Result "1-0"]
[WhiteElo "2700"]
[BlackElo "2389"]

1.Nf3 g6 2.d4 Bg7 3.c4 Nf6 4.Nc3 O-O 5.e4 d6 6.Be2 Nbd7 7.O-O e5 8.Re1 c6
9.Bf1 exd4 10.Nxd4 Ng4 11.Qxg4 Bxd4 12.Qd1 Qf6 13.Be3 Bxe3 14.Rxe3 Ne5 15.Be2 Rd8
16.Qd2 Be6 17.b3 h5 18.Rf1 Ng4 19.Rg3 Qe5 20.h3 Nf6 21.Rg5 Nxe4 22.Nxe4 Qxe4
23.Bf3 Qh4 24.g3 Qxh3 25.Bg2  1-0

[Event "Zagreb Open A 2013"]
[Site "Zagreb CRO"]
[Date "2013.03.03"]
[Round "8.1"]
[White "Postny,E"]
[Black "Kozul,Z"]
[Result "1/2-1/2"]
[WhiteElo "2622"]
[BlackElo "2630"]

1.d4 Nf6 2.c4 g6 3.Nc3 Bg7 4.e4 d6 5.Nf3 O-O 6.Be2 e5 7.O-O c6 8.Be3 Nbd7
9.d5 c5 10.Ne1 Kh8 11.Nd3 Ng8 12.Qd2 f5 13.f4 g5 14.fxg5 f4 15.Bf2 a6 16.Bh4 b5
17.cxb5 Ne7 18.Bh5 axb5 19.Nxb5 Nb6 20.b3 Ng6 21.Bxg6 hxg6 22.a4 Ba6 23.Nb2 Rf7
24.Nc4 Nxc4 25.bxc4 Bf8 26.g3 Rh7 27.Qe1 Bg7 28.Ra2 Bc8 29.gxf4 Bh3 30.Rf3 Bg4
31.Rf1 Bh3 32.Rf3 Bg4 33.Rf1  1/2-1/2

[Event "45th Belgrade WGM"]
[Site "Belgrade SRB"]
[Date "2013.03.04"]
[Round "2.4"]
[White "Dragomirescu,An"]
[Black "Drozdova,D"]
[Result "1/2-1/2"]
[WhiteElo "2225"]
[BlackElo "2270"]

1.d4 g6 2.c4 Bg7 3.Nf3 d6 4.e4 Nf6 5.Nc3 O-O 6.Be2 Qe8 7.O-O e5 8.dxe5 dxe5
9.Be3 Na6 10.h3 Nd7 11.a3 f5 12.b4 c6 13.c5 f4 14.Bc1 Rf6 15.Bb2 Nc7 16.Nb1 Qe7
17.Nbd2 Ne8 18.Bc4+ Kh8 19.Ba2 b5 20.Qb3 Rf8 21.Qe6 Qxe6 22.Bxe6 Nxc5 23.Bxc8 Na4
24.Bb7 Rb8 25.Bxc6 Nxb2 26.Nb3 Nd6 27.Nc5 Rfd8 28.Bd5 Bf6 29.Nd2 Nbc4 30.Nxc4 Nxc4
31.Rfc1 Nd6 32.a4 bxa4 33.Rxa4 Nb5 34.Ra6 Be7 35.Nd3 Rdc8 36.Rac6 Rxc6 37.Rxc6 f3
38.gxf3 Nd4 39.Rc7 Bxb4 40.Nxe5 Bd2 41.Rxa7 Ne2+ 42.Kf1 Nf4 43.Ra8 Rxa8 44.Bxa8 Nxh3
45.Ke2 Bc3 46.Nd3 g5 47.f4 Nxf4+ 48.Nxf4 gxf4 49.Kf3 Bd4  1/2-1/2

[Event "79th ch-BRA 2013"]
[Site "Montenegro BRA"]
[Date "2013.03.04"]
[Round "9.4"]
[White "Barbosa,Ev"]
[Black "Gotz,K"]
[Result "1-0"]
[WhiteElo "2422"]
[BlackElo "2081"]

1.d4 Nf6 2.c4 g6 3.Nc3 Bg7 4.e4 d6 5.Nf3 O-O 6.Be2 e5 7.d5 a5 8.Bg5 h6 9.Bh4 Na6
10.Nd2 Qe8 11.O-O Bd7 12.b3 h5 13.a3 Nh7 14.f3 Bh6 15.Rb1 Qb8 16.Kh1 Qa7
17.Rb2 Qd4 18.Qc2 Bxd2 19.Qxd2 Qxd2 20.Rxd2 Nc5 21.Bd1 f5 22.exf5 Bxf5 23.b4 axb4
24.axb4 Na6 25.Na2 Rf7 26.Be2 Raf8 27.Bf2 g5 28.c5 Nb8 29.Nc3 Nf6 30.Nb5 Ne8
31.Be3 g4 32.Bh6 Ng7 33.cxd6 c6 34.dxc6 bxc6 35.Nc3 Be6 36.Ne4 gxf3 37.gxf3 Kh7
38.Be3 Rb7 39.Bc5 Nd7 40.Rg1 Kh8 41.Ba6 Rbb8 42.Rdg2 Rxf3 43.Rxg7 Bd5 44.R7g5 Nf6
45.Nxf6 Rxf6+ 46.R1g2 Bxg2+ 47.Kxg2 Ra8 48.Rxh5+ Kg7 49.d7 Rf7 50.Bc8 Ra2+
51.Kh3 Rd2 52.Rxe5 Kf6 53.Re6+ Kf5 54.Re7 Kg6 55.Rxf7 Kxf7 56.Bb6 Ke7 57.d8=Q+  1-0

[Event "79th ch-BRA 2013"]
[Site "Montenegro BRA"]
[Date "2013.03.06"]
[Round "11.3"]
[White "Barbosa,Ev"]
[Black "Carneiro,Vitor Roberto Castro"]
[Result "1-0"]
[WhiteElo "2422"]
[BlackElo "2089"]

1.d4 Nf6 2.c4 g6 3.Nc3 Bg7 4.e4 O-O 5.Nf3 d6 6.Be2 e5 7.d5 h6 8.O-O Nh7 9.Ne1 f5
10.exf5 gxf5 11.f4 Nf6 12.Nf3 Re8 13.fxe5 dxe5 14.Nh4 f4 15.Qc2 c6 16.Kh1 b5
17.Nf5 bxc4 18.Bxc4 cxd5 19.Nxd5 Nxd5 20.Nxh6+ Kf8 21.Bxd5 Qxd5 22.Bxf4 exf4
23.Rxf4+ Ke7 24.Re1+ Be5 25.Rxe5+ Qxe5 26.Qh7+ Ke6 27.Re4 Kd5 28.Rxe5+ Rxe5
29.h3 Nc6 30.Qd3+ Kc5 31.Nf7 Re7 32.Qd6+ Kb6 33.Nd8 Rc7 34.b4 Rb8 35.Nxc6  1-0

[Event "TCh-AUT 2 East 2012-13"]
[Site "Austria AUT"]
[Date "2013.03.09"]
[Round "8.3"]
[White "Maslik,M"]
[Black "Weinzettl,E"]
[Result "1/2-1/2"]
[WhiteElo "2376"]
[BlackElo "2257"]

1.d4 Nf6 2.c4 g6 3.Nc3 Bg7 4.e4 d6 5.Nf3 O-O 6.Be2 e5 7.O-O c6 8.Re1 exd4
9.Nxd4 Re8 10.Bf1 Qb6 11.Nb3 Ng4 12.Qc2 a5 13.h3 a4 14.Nxa4 Rxa4 15.hxg4 Bxg4
16.Be3 Qd8 17.f3 Bc8 18.a3 Qh4 19.Qd2 Be6 20.Rac1 Nd7 21.Nd4 Ne5 22.Nxe6 Rxe6
23.Qf2 Qxf2+ 24.Kxf2 c5 25.Rc3 Re7 26.Rd1 Nc6 27.Rb3 Bd4 28.Rb6 Ra6 29.Rxa6 bxa6
30.b4 f5 31.b5 f4 32.Bxd4 Nxd4 33.Rb1 a5 34.g3 fxg3+ 35.Kxg3 Kg7 36.b6 Rb7
37.f4 a4 38.e5 Nb3 39.Rd1 dxe5 40.fxe5 Rxb6 41.Rd7+ Kf8 42.Rxh7 Nd2 43.Be2 Rb3+
44.Kf4 Rxa3 45.Ra7 Nb3 46.Bf3 Ra1 47.Kg5 Rf1 48.Bg4 Nd2 49.Rxa4 Nf3+ 50.Bxf3 Rxf3
51.Kxg6 Ke7 52.Ra5 Ke6 53.Rxc5 Rg3+ 54.Kh5 Re3 55.Kg4 Rxe5  1/2-1/2

[Event "TCh-FIN SM 2012-13"]
[Site "Helsinki FIN"]
[Date "2013.03.09"]
[Round "13.3"]
[White "Nevanlinna,R"]
[Black "Seeman,T"]
[Result "1/2-1/2"]
[WhiteElo "2258"]
[BlackElo "2384"]

1.d4 Nf6 2.c4 g6 3.Nc3 Bg7 4.e4 d6 5.Nf3 O-O 6.Be2 e5 7.O-O Na6 8.Be3 c6
9.Qd2 Re8 10.d5 Ng4 11.Bg5 f6 12.Bh4 c5 13.Ne1 h5 14.h3 Nh6 15.Nd3 g5 16.Bg3 h4
17.Bh2 Rf8 18.a3 b6 19.b4 Nc7 20.f3 Ne8 21.Nf2 f5 22.b5 Rb8 23.exf5 Nxf5
24.Nce4 Nd4 25.Bd1 Bh6 26.Ng4 Bxg4 27.hxg4 Nf6 28.Qd3 Nxe4  1/2-1/2

[Event "Karpos Open 2013"]
[Site "Skopje MKD"]
[Date "2013.03.09"]
[Round "1.63"]
[White "Jacimovic,D"]
[Black "Menzi,N"]
[Result "1-0"]
[WhiteElo "2433"]
[BlackElo "1889"]

1.d4 Nf6 2.c4 g6 3.Nc3 Bg7 4.e4 d6 5.Nf3 O-O 6.Be2 e5 7.d5 a5 8.h3 Na6 9.Bg5 Qe8
10.g4 Nc5 11.Nd2 c6 12.Be3 cxd5 13.cxd5 Bd7 14.g5 Nh5 15.Bxh5 Nd3+ 16.Kf1 gxh5
17.Nc4 Nf4 18.Nxd6 Qe7 19.Bxf4 exf4 20.Nf5 Bxf5 21.exf5 Qxg5 22.Qd3 Rfe8
23.Rg1 Qf6 24.Ne4 Qxf5 25.Qc3 Re5 26.Nd6 Qf6 27.Nc4 Rg5 28.Qxf6 Rxg1+ 29.Kxg1 Bxf6
30.a4 Rc8 31.Nxa5 Rc2 32.Rd1 Bh4 33.d6 Bxf2+ 34.Kh1 Bb6 35.Nxb7 f3 36.d7 f2
37.d8=Q+ Bxd8 38.Rxd8+ Kg7 39.Kg2 Rxb2 40.Nc5  1-0

[Event "TCh-FIN SM 2012-13"]
[Site "Helsinki FIN"]
[Date "2013.03.10"]
[Round "14.7"]
[White "Jantti,P"]
[Black "Laakso,H"]
[Result "1/2-1/2"]
[WhiteElo "2100"]
[BlackElo "2181"]

1.d4 Nf6 2.Nf3 g6 3.c4 Bg7 4.Nc3 O-O 5.e4 d6 6.Be2 e5 7.O-O Nh5 8.Bg5 f6
9.Be3 Nc6 10.c5 Nf4 11.Bc4+ Kh8 12.cxd6 cxd6 13.Qd2 g5 14.h3 Qe8 15.dxe5 dxe5
16.Bc5 Qh5 17.Bxf8 Bxf8 18.Nh2 Bxh3 19.Be2 g4 20.g3 Nxe2+ 21.Nxe2 Bxf1 22.Nxf1 Qg6
23.Qd7 Qg7 24.Qe6 Bc5 25.Rc1 Bb6 26.Nh2 Rg8 27.Rd1 Bd4 28.b4 Qg6 29.b5 Nd8
30.Qc4 Qf7 31.Qxf7 Nxf7 32.Nxd4 exd4 33.Rxd4 Ne5 34.Kg2 Rc8 35.Ra4 Rc5 36.Rxa7 Rxb5
37.Ra3 h5 38.Rb3 Ra5 39.a3 b5 40.f3 Kg7 41.fxg4 hxg4 42.Nf1 Nc4 43.Ne3 Rxa3
44.Rxa3 Nxa3 45.Nxg4 b4 46.Ne3 b3 47.Nd1 Nc4 48.Kf3 b2 49.Nc3 Nd2+ 50.Kf4 Kg6
51.e5 fxe5+ 52.Kxe5 Nc4+ 53.Kd4 Na3 54.Kc5 b1=Q  1/2-1/2

[Event "Jersey Masters 2013"]
[Site "St Clement Bay JCI"]
[Date "2013.03.10"]
[Round "9"]
[White "Schmitz,Man"]
[Black "Trent,L"]
[Result "0-1"]
[WhiteElo "2042"]
[BlackElo "2427"]

1.d4 Nf6 2.Nf3 g6 3.c4 Bg7 4.Nc3 O-O 5.e4 d6 6.Be2 e5 7.Be3 Nbd7 8.h3 exd4
9.Nxd4 Re8 10.Qc2 Nc5 11.f3 a5 12.O-O-O Nh5 13.g4 Ng3 14.Rhg1 Nxe2+ 15.Qxe2 Bd7
16.g5 c6 17.h4 a4 18.a3 Qa5 19.h5 Be6 20.hxg6 hxg6 21.Kb1 Ra6 22.Nxe6 Rxe6
23.Bd4 Bxd4 24.Rxd4 Nb3 25.Rdd1 Qe5 26.f4 Qxf4 27.Ka2 Nc5 28.Rdf1 Qe5 29.Qf3 Re7
30.Rg4 Ne6 31.Qg2 Ra5 32.Rg1 Kf8 33.Qc2 Nc5 34.Rd1 b5 35.Qe2 bxc4 36.Qd2 Nd3
37.Rh1 Rb7  0-1

[Event "13th European Seniors"]
[Site "Plovdiv BUL"]
[Date "2013.03.11"]
[Round "1"]
[White "Jorgensen,A"]
[Black "Maryasin,B"]
[Result "0-1"]
[WhiteElo "1993"]
[BlackElo "2336"]

1.d4 Nf6 2.c4 g6 3.Nc3 Bg7 4.e4 O-O 5.Nf3 d6 6.Be2 Na6 7.O-O e5 8.dxe5 dxe5
9.Qxd8 Rxd8 10.Bg5 Re8 11.Rfd1 h6 12.Bxf6 Bxf6 13.a3 c6 14.b4 Nc7 15.b5 Ne6
16.Rab1 Nd4 17.h3 Be6 18.Bf1 Nxf3+ 19.gxf3 Be7 20.a4 Bc5 21.Kg2 Kf8 22.Na2 Red8
23.Rxd8+ Rxd8 24.Rb2 Rd4 25.bxc6 bxc6 26.Rc2 f5 27.Nc3 Ke7 28.exf5 gxf5 29.Nb1 Bb4
30.c5 Rd5 31.Rc4 a5 32.Rh4 Rxc5 33.Rxh6 Rc1 34.Bd3 c5 35.Rh5 c4 36.Bxf5 Bxf5
37.Rxf5 Ke6  0-1

[Event "TCh-LTU 2013"]
[Site "Vilnius LTU"]
[Date "2013.03.11"]
[Round "7.1"]
[White "Drozdov,S"]
[Black "Klabis,R"]
[Result "0-1"]
[WhiteElo "2238"]
[BlackElo "2150"]

1.Nf3 d6 2.d4 Nd7 3.c4 e5 4.Nc3 Ngf6 5.e4 g6 6.Be2 Bg7 7.O-O O-O 8.Qc2 Re8
9.d5 h5 10.Bg5 Nf8 11.b4 N8h7 12.Bd2 Rf8 13.c5 Ne8 14.Ne1 f5 15.f3 f4 16.Nd3 Nhf6
17.Nf2 g5 18.Qd1 Kf7 19.Kh1 Rh8 20.Be1 Qe7 21.Nd3 Rh6 22.Qb3 Bf8 23.Rc1 h4
24.Kg1 Nh5 25.Kf2 Ng3 26.Rg1 Nxe2 27.Kxe2 g4 28.fxg4 Bxg4+ 29.Kd2 Rg6 30.Bf2 Bh6
31.Rcf1 Kg7 32.Kc2 b6 33.Qc4 Kh7 34.Ne1 a5 35.cxb6 cxb6 36.b5 Rc8 37.Qd3 Qc7
38.Kb2 Nf6 39.Nf3 Nd7 40.Na4 Qc4 41.Qxc4 Rxc4 42.Nc3 h3 43.Nh4 Rf6 44.gxh3 Bxh3
45.Rd1 Nc5 46.Bxc5 Rxc5 47.Rd3 Bd7 48.a4 Rc4 49.Nf3 Rg6 50.Rxg6 Kxg6 51.Kc2 Bg4
52.Kd2 Rb4 53.Ke1 Bg5 54.Kf2 Kh5 55.h3 Rb2+ 56.Rd2 Rxd2+ 57.Nxd2 Bxh3 58.Nc4 Bh4+
59.Kg1 Be1 60.Nd1 Bb4 61.Nf2 Bc5 62.Nxd6 Bxd6 63.Nxh3 Kg4 64.Nf2+ Kf3 65.Kf1 Bb4
66.Nd3 Kxe4 67.Nxb4 axb4 68.d6 b3 69.d7 b2 70.d8=Q b1=Q+  0-1

[Event "13th European Seniors"]
[Site "Plovdiv BUL"]
[Date "2013.03.12"]
[Round "2"]
[White "Pritchett,C"]
[Black "Batakovs,O"]
[Result "1/2-1/2"]
[WhiteElo "2352"]
[BlackElo "2123"]

1.c4 Nf6 2.Nc3 g6 3.Nf3 Bg7 4.e4 d6 5.d4 O-O 6.Be2 e5 7.O-O exd4 8.Nxd4 Nc6
9.Be3 Re8 10.f3 Nh5 11.Qd2 Nf4 12.Rfd1 Nxe2+ 13.Ncxe2 Bd7 14.Rac1 Qe7 15.Nb5 Be6
16.b3 a6 17.Nbc3 Ne5 18.Nf4 Nd7 19.Nfd5 Qd8 20.Bg5 f6 21.Be3 Bf8 22.Bh6 Bxh6
23.Qxh6 Bxd5 24.Nxd5 c6 25.Nc3 Ne5 26.c5 Re6 27.Ne2 Nf7 28.Qf4 Qe7 29.Nd4 Re5
30.cxd6 Nxd6 31.h3 f5 32.exf5 Nxf5 33.Nxf5 Rxf5 34.Qc4+ Qf7 35.Rd7 Qxc4 36.Rxc4 Rf7
37.Rcd4 Raf8 38.Kf2 Rxd7 39.Rxd7 Rf7 40.Rd8+ Kg7 41.Ke3 Re7+ 42.Kd3 h5 43.a4 h4
44.Rd4 g5 45.f4 Kg6 46.fxg5 Kxg5 47.Rg4+ Kh5 48.Kd4 b6 49.g3 hxg3 50.Rxg3 Re1
51.Rc3 Rd1+ 52.Ke5 c5 53.a5 bxa5 54.Rxc5 Ra1 55.Kd4+ Kh4 56.Rc4 Kxh3 57.Kc3 Rc1+
58.Kd3 Rd1+ 59.Kc2 Ra1 60.Kb2 Re1 61.Rc6 Kg4 62.Rxa6 Re5 63.Ka3 Rb5 64.Rf6 Kg5
65.Rf8 Rb4 66.Rc8 Rb5 67.Rc3 Kf6 68.Ka4 Re5 69.Rc6+ Ke7 70.Ra6 Kd7 71.Rxa5 Re4+
72.Kb5 Kc7 73.Ra7+ Kb8 74.Rf7 Re5+ 75.Ka4 Ka8 76.b4 Kb8 77.b5 Re1 78.Ka5 Re6
79.Rh7 Re5 80.Ka6 Re6+ 81.b6 Re8 82.Rb7+ Ka8 83.Ra7+ Kb8 84.Rd7 Rf8 85.Kb5 Rf5+
86.Kc6 Rf6+ 87.Rd6 Rxd6+ 88.Kxd6 Kb7 89.Kc5 Kb8 90.Kb4 Kb7 91.Kb5 Kb8 92.Kc6 Kc8
93.b7+ Kb8 94.Kb6  1/2-1/2

[Event "UTD Turner GM Invitational 2013"]
[Site "Richardson USA"]
[Date "2013.03.13"]
[Round "9"]
[White "Macieja,B"]
[Black "Bercys,S"]
[Result "1/2-1/2"]
[WhiteElo "2630"]
[BlackElo "2427"]

1.Nf3 Nf6 2.c4 g6 3.Nc3 Bg7 4.e4 d6 5.d4 O-O 6.Be2 Nbd7 7.O-O e5 8.Be3 Re8
9.d5 Nh5 10.g3 Bf8 11.Kh1 Be7 12.b4 Ng7 13.g4 a5 14.a3 h5 15.h3 hxg4 16.hxg4 Nf6
17.Nh2 Nh7 18.f4 exf4 19.Bxf4 axb4 20.axb4 Rxa1 21.Qxa1 Bf6 22.Bd3 Ng5 23.Qc1 Nh3
24.Bg3 Bh4 25.Kg2 Bxg3 26.Kxg3 Ng5 27.Nf3 Nxf3 28.Rxf3 Re5 29.Qf4 Qe7 30.Kf2 g5
31.Qg3 Ne8 32.Qg2 Nf6 33.Rg3 Kg7 34.Kg1 Bd7 35.Qh3 Qe8 36.Rg2 Qh8 37.Qxh8+ Kxh8
38.Ra2 Re8 39.Ra7 Rb8 40.c5 Nxg4 41.c6 bxc6 42.Rxc7 Ne5 43.Rxd7 Nxd7 44.dxc6 Ne5
45.c7 Rc8 46.Nd5 Nxd3 47.b5 Nc5 48.b6 Nb7 49.Ne7 Re8 50.Kf2 Kg7 51.c8=Q Rxc8
52.Nxc8 Kf6 53.Kf3 Ke6 54.Na7 f5 55.exf5+ Kxf5 56.Nc6 Nc5  1/2-1/2

[Event "Karpos Open 2013"]
[Site "Skopje MKD"]
[Date "2013.03.14"]
[Round "7.30"]
[White "Arsovic,Z"]
[Black "Arat,Uf"]
[Result "1-0"]
[WhiteElo "2439"]
[BlackElo "2188"]

1.Nf3 g6 2.e4 Bg7 3.d4 d6 4.c4 Nf6 5.Nc3 O-O 6.Be2 e5 7.O-O Na6 8.Be3 Ng4
9.Bg5 Qe8 10.Re1 exd4 11.Nxd4 Qe5 12.Nf3 Qc5 13.Bh4 Be6 14.Nd5 c6 15.Ng5 Nf6
16.Rc1 Bc8 17.Ne7+ Kh8 18.Nxc8 Raxc8 19.Bd3 Nc7 20.Qd2 a5 21.Nf3 Ng4 22.Be2 Qb4
23.Be7 Qb6 24.c5 dxc5 25.Bxc5 Qxb2 26.Bxf8 Rxf8 27.Rc2 Qb6 28.Bc4 Ne5 29.Nxe5 Bxe5
30.Rd1 c5 31.Qd7 Qf6 32.g3 b5 33.Be2 Ne6 34.Qxb5 Nd4 35.Qxc5 Rd8 36.Kg2 Nxc2
37.Rxd8+ Qxd8 38.Qxe5+ Kg8 39.Qc3 Nd4 40.Bc4 g5 41.Bd5 Qf6 42.e5 Qxe5 43.Qxa5 Kg7
44.Qd8 Ne6 45.Qd7 Kg8 46.h3 h5 47.Bxe6 fxe6 48.Qb7 Qd4 49.Qc6 e5 50.Qg6+ Kf8
51.Qh6+ Ke7 52.Qxg5+ Kd7 53.Qxh5 Qd5+ 54.Qf3 Qxa2 55.Qf5+ Ke7 56.Qxe5+ Kf7
57.Qe4 Kg7 58.h4 Qa5 59.Qe7+ Kh8 60.Qe4 Qc5 61.g4 Qa5 62.Qe8+  1-0

[Event "81st ch-St Petersburg w"]
[Site "St Petersburg RUS"]
[Date "2013.03.14"]
[Round "4"]
[White "Belenkaya,D"]
[Black "Balaian,Ali"]
[Result "0-1"]
[WhiteElo "2181"]
[BlackElo "2213"]

1.d4 Nf6 2.c4 g6 3.Nc3 Bg7 4.e4 d6 5.Nf3 O-O 6.Be2 e5 7.dxe5 dxe5 8.Qxd8 Rxd8
9.Bg5 Re8 10.Nd5 Nxd5 11.cxd5 c6 12.Bc4 b5 13.Bb3 Bb7 14.Rc1 Rc8 15.Be7 h6
16.Ke2 Nd7 17.Rhd1 c5 18.a4 a6 19.Ba2 Bf8 20.Bh4 Bd6 21.Nd2 c4 22.Rc2 Nb6
23.a5 Nd7 24.Bg3 f5 25.exf5 gxf5 26.Nf3 f4 27.Bh4 Nc5 28.Kf1 Nd3 29.Re2 Rc5
30.Bf6 Bxd5 31.b4 Nxb4 32.Nxe5 Bxe5 33.Bxe5 Nxa2 34.Bd4 f3 35.Rxa2 fxg2+
36.Kg1 Rc6 37.Bc3 Bf7 38.f4 Rg6 39.f5 Rg5 40.Bf6 Rg4 41.h3 Rg3 42.Be5 Rg5
43.Bf6 c3 44.Rf2 b4 45.Bxg5 hxg5 46.Rc1 Rc8 47.Rfc2 Rc5 48.Kf2 Rxf5+ 49.Kxg2 Rxa5
50.Kf3 Re5 51.h4 Bh5+ 52.Kg3 Re3+ 53.Kf2 Rf3+ 54.Kg2 gxh4 55.Ra2 b3 56.Ra5 Rg3+
57.Kh2 Bf7 58.Rf1 Bc4 59.Re1 Bb5 60.Raa1 b2 61.Rad1 c2 62.Rd8+ Kf7 63.Re5 Rf3
64.Rh5 Rf2+ 65.Kh3 c1=Q 66.Rh7+ Kg6 67.Rd1 Qe3+  0-1

[Event "86th ch-St Petersburg"]
[Site "St Petersburg RUS"]
[Date "2013.03.14"]
[Round "4.6"]
[White "Popov,Val"]
[Black "Goganov,A"]
[Result "1/2-1/2"]
[WhiteElo "2557"]
[BlackElo "2556"]

1.c4 g6 2.e4 Bg7 3.d4 d6 4.Nc3 Nf6 5.Nf3 O-O 6.Be2 e5 7.d5 a5 8.Bg5 h6 9.Bh4 Na6
10.Nd2 Qe8 11.Nb3 a4 12.Nd2 Bd7 13.O-O Nh7 14.f3 h5 15.Bf2 Bh6 16.Nb5 f5
17.Nb1 fxe4 18.fxe4 Rf6 19.Kh1 Qf7 20.Bg1 h4 21.Rxf6 Nxf6 22.N1c3 h3 23.Qf1 hxg2+
24.Qxg2 Kg7 25.Nxa4 Bf4 26.Rf1 Rh8 27.Rxf4 exf4 28.Bd4 Qe7 29.Bf3 Bxb5 30.cxb5 Nb8
31.Bg4 Nd7 32.Bxd7 Qxd7 33.Qg5 Rf8 34.Nc3 f3 35.Qg3 Kh7 36.Qxf3 Qe7 37.Qe3 Nh5
38.e5 dxe5 39.Qxe5 Qf7 40.Qe2 Nf4 41.Qf3 Qf5 42.d6 Ne6 43.Qxf5 gxf5 44.Be5 cxd6
45.Bxd6 Rd8 46.Be5 Rd2 47.a4 f4 48.a5 f3 49.h4 Nc5 50.a6 bxa6 51.bxa6 Nxa6
52.Ne4 Rd1+ 53.Kh2 Kg6 54.Nf2 Rd5 55.Bf4 Rb5 56.Kg3 Rxb2 57.Kxf3 Nc5 58.Be5 Rb3+
59.Kg4 Rb4+ 60.Kg3 Kf5 61.Bd6 Rb3+ 62.Kg2 Nd7 63.Bc7 Nf6 64.Bd8 Nd7 65.Bg5 Ne5
66.Bd8 Nf3 67.Bg5 Nxg5 68.hxg5 Kxg5 69.Kf1 Kf4 70.Ke1 Kf3 71.Nd1 Rd3 72.Nb2 Rb3  1/2-1/2

[Event "13th European Seniors"]
[Site "Plovdiv BUL"]
[Date "2013.03.15"]
[Round "5"]
[White "Keze,A"]
[Black "Fystro,Odd Ivar"]
[Result "1-0"]
[WhiteElo "1768"]
[BlackElo "1673"]

1.d4 Nf6 2.c4 g6 3.Nc3 Bg7 4.e4 d6 5.Nf3 O-O 6.Be2 e5 7.Bg5 Qe8 8.Bxf6 Bxf6
9.Nd5 Bd8 10.dxe5 dxe5 11.h4 Bg4 12.Qd2 Kg7 13.Ne3 Bxf3 14.Bxf3 h5 15.g4 hxg4
16.Bxg4 Nc6 17.h5 Rh8 18.O-O-O Bg5 19.Nf5+ Kf6 20.Ne3 Kg7 21.hxg6 Rxh1 22.Rxh1 fxg6
23.Kb1 Qd8 24.Qxd8 Rxd8 25.Nd5 Rf8 26.f3 Nd4 27.Nxc7 Rh8 28.Rd1 Rh2 29.Nb5 Nc6
30.Rd7+  1-0